000 00587nam a2200217 i 4500
001 137953
003 ES-MaACL
005 20250911062655.0
007 t|
008 070214s1956 sp |||| | spa d
080 _a821.134.2-31"19"
100 1 _aSánchez Ferlosio, Rafael,
_d1927-2019
_9102633
245 1 3 _aEl Jarama /
_cRafael Sánchez Ferlosio.
250 _a1ª ed.
260 _aBarcelona :
_bDestino,
_c1956.
300 _a365 p. ;
_c19 cm.
490 1 _aAncora y delfín
830 0 0 _aÁncora y Delfín
_9151298
852 _aES-MaACL
_jC-11601
999 _c137953
_d137953